Nadešla éra soudců

Úvahy autora o postavení tretej zložky moci - súdnictve - v demokratických krajinách v súčasnosti. Reformy a moc justície.

Uložené v:
Podrobná bibliografia
Hlavný autor: Dahrendorf, Ralf
Médium: Kapitola
Jazyk:Czech
Predmet:
Tagy: Pridať tag
Žiadne tagy, Buďte prvý, kto otaguje tento záznam!

MARC

LEADER 00000naa$a2200000$$$4500
001 0002459
005 20231004071317.5
041 0 |a cze 
044 |a CZ 
245 1 0 |a Nadešla éra soudců  |c aut. Ralf Dahrendorf 
520 |a Úvahy autora o postavení tretej zložky moci - súdnictve - v demokratických krajinách v súčasnosti. Reformy a moc justície. 
610 2 0 |a súdnictvo 
610 2 0 |a politika 
610 2 0 |a krajiny vyspelé 
610 2 0 |a krajiny rozvojové 
100 1 |a Dahrendorf, Ralf